| 000 | 02955cam a22004934i 4500 | ||
|---|---|---|---|
| 003 | PE-LiUPU | ||
| 005 | 20250731173420.0 | ||
| 008 | 150706s2001 mou rb 000 0 spa d | ||
| 020 | _a9780570083269 | ||
| 035 | _a(Sirsi) i9780570083269 | ||
| 040 |
_aPE-LiUPU _bspa _cPE-LiUPU _erda |
||
| 049 | _aPRUA | ||
| 082 | 0 | 4 |
_a280 _bB77 _221 |
| 100 | 1 |
_aBouman, Herbert J. A., _eautor. |
|
| 245 | 1 | 4 |
_aLas iglesias de nuestros dias: : _bun enfoque comparativo con guía de estudio / _cpor Herbert J.A. Bouman; traducido por Erico Sexauer. |
| 264 | 1 |
_aMissouri : _bEditorial Concordia, _c2001. |
|
| 300 |
_a142 páginas ; _c22 centímetros |
||
| 336 |
_atext _2rdacontent |
||
| 337 |
_aunmediated _2rdamedia |
||
| 338 |
_avolume _2rdacarrier |
||
| 500 | _aEl Rev. Antonio Schimpf es autor del capítulo 10 "El Neopentecostalismo".Este libro es el fruto del esfuerzo conjunto del Centro de producción de literatura (Ceproli) de la Iglesia Evangélica Luterana Argentina, Editorial Concordia de USA, y del Departamento de Misiones Mundiales de la Iglesia Luterana Sínodo de Missouri. | ||
| 504 | _aIncluye referencias bibliográficas. | ||
| 505 | 0 | _aLa fe cristiana -- Las tradiciones antiguas -- La iglesia Ortodoxa -- La iglesia Católica Romana -- El inicio de la reforma -- La iglesia Luterana -- La iglesia Protestante Episcopal (La comunión anglicana) -- Las iglesias reformadas de tradición calvinista -- La iglesia Presbiteriana -- Las iglesias reformadas -- Los Bautistas -- Las iglesias reformadas de tradición arminiana -- La iglesia Metodista -- Los cuerpos de Santidad -- Los Pentecostales -- Cuerpos afines -- Intentos de superar el denominacionalismo -- La iglesia Unida de Cristo -- Los Discípulos de Cristo -- Los Hermanos Moravos -- La iglesia Unida de Canadá -- La luz interior -- Los Menonitas -- Los cuáqueros -- El milenio -- Los Adventistas del Séptimo Día -- Los cultos -- Los Testigos de Jehová -- La iglesia de Jesucristo de los Santos de los Últimos Días (Mormones) -- La Ciencia Cristiana -- El Neopentecostalismo -- La iglesia Universal del Reino de Dios. | |
| 526 | _aSEG42 | ||
| 526 | _aSEG41 | ||
| 526 | _aSEG40 | ||
| 526 | _aSEG39 | ||
| 526 | _aP94 | ||
| 526 | _aP87 | ||
| 526 | _aP86 | ||
| 526 | _aP85 | ||
| 526 | _aP77 | ||
| 526 | _aP76 | ||
| 526 | _aP35 | ||
| 541 | _g001-0000583; | ||
| 650 | 0 | 4 | _aSectas Cristianas medievales. |
| 700 | 1 |
_aSexauer, Erico., _etraductor. |
|
| 910 |
_agl _cjck _d20120610 |
||
| 942 |
_2ddc _cBOOK |
||
| 949 |
_a280 B77 _wDEWEY _c1 _i64921 _lCCODEBUL1 _mBUL _p11.00 _r0 _sY _tBOOK _u2015-7-6 _xTEOLOGIA _PP35 _o.STAFF. Colección General |
||
| 994 |
_aC0 _bPEPRU |
||
| 596 | _a1 | ||
| 999 |
_a280 B77 _wDEWEY _c53628 _i64921 _d53628 _e2016-11-28 _f2021-11-11 _g5 _lCCODEBUL1 _mBUL _n7 _p11.00 _q2 _r0 _sY _tBOOK _u2015-7-6 _xTEOLOGIA _PP35 _0COMPRA _o.STAFF. Colección Teología |
||
| 980 |
_81 _gALBERTO SANCHEZ Responsable de Automatización |
||